Architekt Dušan Jurkovič sedemdesiatročný

Bibliographic Details
Format: Article
Language:Slovak
PhysicalDescription:Fotogr.
Subjects:

MARC

LEADER 00000nab a22000001a 4500
001 vtls010302825
003 SK-MaSNL
005 20260303091143.0
008 110811d19380823xo |r|p|||| |000 b|slo
015 |a SNBRRBVU1918-1938 
015 |a SNKBUCL 
038 |a SNKBUVU 
040 |a SNKBUVU  |b slo  |c SNKBUCL  |e AACR2 
041 0 |a slo 
044 |a xo  |c SK 
080 |a 72.071.1  |2 1997 
245 0 0 |a Architekt Dušan Jurkovič sedemdesiatročný 
300 |b Fotogr. 
500 |a V rubrike Kultúra 
600 1 7 |a Jurkovič, Dušan,  |d 1868-1947  |2 MM  |9 52485 
650 0 7 |a slovenskí architekti  |2 snkbucl  |9 520884 
655 7 |a profily  |2 MM  |9 341977 
773 0 |t Slovenská politika  |g Roč. 19, č. 192 (23.8.1938), s. 2 
852 |a SNK  |b KIS3GCP 
910 |a snkrbvumm 
958 |a VY 
958 |a BX 
999 |c 1806366  |d 1808296